| 000 | 00581nam a22001937a 4500 | ||
|---|---|---|---|
| 999 |
_c195056 _d195056 |
||
| 005 | 20230213120401.0 | ||
| 010 | _aENG-136199 | ||
| 020 |
_a9788123761275 _c260.00 |
||
| 035 | _aEN-119731 | ||
| 037 | _bDBAD/PUB | ||
| 082 | _aN | ||
| 100 | _aShastri, Acharya Jankivallabh | ||
| 245 |
_aKalidasa/ _cAcharya Jankivallabh Shastri and Translated by Abram |
||
| 260 |
_aNew Delhi _bNational Book Trust _c2011 |
||
| 270 |
_aNehru Bhawan, 5 Institutional Area, Phase-II Vasant Kunj _bNew Delhi _e110070 |
||
| 300 |
_a382p. _c24cm(pbk) |
||
| 700 | _aAbram | ||
| 942 |
_2ddc _cEN _hN _mSHA |
||